Divided World City Name Puzzle #2 - Statistics

General Stats
  • This quiz has been taken 37,206 times
  • The average score is 11 of 20
Answer Stats
World City % Correct
ALEX AND RIA Alexandria
95%
PYO NGY ANG Pyongyang
79%
SHA NG HAI Shanghai
78%
LAS VE GAS Las Vegas
74%
ROT TER DAM Rotterdam
73%
DAM AS CUS Damascus
64%
SIN GAP ORE Singapore
61%
BRU SS ELS Brussels
60%
KI NSH ASA Kinshasa
60%
TO RO NTO Toronto
56%
VAL EN CIA Valencia
56%
LIVE RPO OL Liverpool
53%
MON TER REY Monterrey
47%
FOR TAL EZA Fortaleza
38%
POR TL AND Portland
38%
BRI SBA NE Brisbane
35%
CA PET OWN Cape Town
33%
LUC KN OW Lucknow
30%
FAI SALA BAD Faisalabad
23%
NA PL ES Naples
22%
No matching quizzes found
Score Distribution
Percent of People with Each Score
Percentile by Number Answered
Your Score History
You have not taken this quiz